000
00311nam a22001457a 4500
008
221118b ||||| |||| 00| 0 eng d
020
_a
0387905197
041
_a
eng
080
_a
51
082
_a
51SMA
100
_a
22.2
101
_a
MATE
245
_a
THE MATHEMATICS OF TIME
_c
SMALE S
942
_2
udc
_c
BK
999
_c
58938
_d
58938